000 00357nam a2200109Ia 4500
008 171211s9999 xx 000 0 und d
245 _aZentangle for Beginners – Unleash Your Creativity With Zentangle Art, Patterns, and Shapes
245 _cTatyana Williams
260 _c2014
650 _xDrawing
856 _uhttp://down.ebook777.com/004/B00J4SK7H0.rar
999 _c348032
_d348032